000 00652nam a2200265Ia 4500
005 20260121170354.0
008 008 260114s9999 xx 000 0 eng d
020 _a9783319681337
037 _aEBOOK
040 _aCRL
040 _beng
040 _cCRL
041 _2eng
041 _aeng
084 _qCRL
100 _aJacob Krumrey
_91063087
245 4 _aThe Symbolic Politics of European Integration
260 _bSpringer
260 _bSpringer
260 _c2018
856 _uhttps://link.springer.com/openurl?genre=book&isbn=978-3-319-68133-7
942 _cEBOOK
999 _c1628816
_d1628816